Statistiken für RE1 VBB (Verkehrsverbund Berlin-Brandenburg)

Klicken Sie hier um das Quiz zu spielen!

Allgemein

  • Dieses Quiz wurde 34 mal gespielt
  • Das Durchschnittsergebnis liegt bei 20 aus 32

Antwortstatistiken

HinweisAntworten% Korrekt
RE1Berlin Hauptbahnhof
96%
RE1Burg (Magdeburg)
96%
RE1Potsdam Hauptbahnhof
96%
RE1Berlin Alexanderplatz
92%
RE1Berlin Friedrichstraße
88%
RE1Berlin Ostbahnhof
88%
RE1Frankfurt (Oder) Hauptbahnhof
88%
RE1Magdeburg Hauptbahnhof
88%
RE1Berlin Ostkreuz
83%
RE1Berlin Zoologischer Garten
83%
RE1Berlin-Charlottenburg
83%
RE1Brandenburg Hauptbahnhof
83%
RE1Erkner
79%
RE1Berlin Wannsee
75%
RE1Fangschleuse
71%
RE1Fürstenwalde (Spree)
63%
RE1Werder (Havel)
63%
RE1Frankfurt (Oder) Rosengarten
54%
RE1Hangelsberg
50%
RE1Briesen (Mark)
46%
RE1Berkenbrück
42%
RE1Jacobsdorf (Mark)
42%
RE1Pillgram
42%
RE1Potsdam Charlottenhof
42%
RE1Potsdam Park Sanssouci
42%
RE1Groß Kreutz
33%
RE1Kirchmöser
33%
RE1Magdeburg Neustadt
33%
RE1Genthin
29%
RE1Wusterwitz
25%
RE1Güsen (b Genthin)
21%
RE1Götz
17%

Verteilung der Resultate

Perzentil nach korrekt beantworteten Fragen

Anzahl Personen mit jedem Resultat

Ihre Resultats-Entwicklung

Sie haben dieses Quiz noch nicht gespielt